00568 2200229 4500001002100000005001700021008004100038035002400079090001800103100002000121245004000141250001100181260003100192300002400223650001000247850001500257980001500272985000600287999001500293999001500308999001500323YOGYA-0209000002344120090227023755.0 ind  0010-020900000023441 a340bHat MlT aHATTA, Mohammad aMenuju negara hukumcMohammad Hatta aCet. 2 aJakartabIdayu Pressc1977 a56 hlmbilusc21 cm aHukum aYOPDYOG(B) a02-17-2007 a3 a06A0019857 a06A0019858 a06A0019859